| 000 | 00479cam a22001457a 4500 | ||
|---|---|---|---|
| 008 | 180718b1993 xxu||||| |||| 00| 0 eng d | ||
| 082 | _aA6x547 M896 | ||
| 100 | _aMujeeb Ahmad | ||
| 245 |
_aJamiyyat Ulama-I-Pakistan 1948-1979 _cby Mujeeb Ahmad |
||
| 260 |
_aIslamabad _bNational Institute of Historical and Cultural Research _c1993 |
||
| 300 | _a264p. | ||
| 650 | _aJam'Iyyat 'Ulama-I-Pakistan - History | ||
| 650 | _aPolitical parties - Pakistan | ||
| 650 | _aPakistan - History | ||
| 999 |
_c380391 _d380391 |
||